Audítorská dokumentácia (požiadavky na jej reguláciu) diplomová práca

Uložené v:
Podrobná bibliografia
Hlavný autor: Petruszová, Flóra
Korporativný autor: Fakulta hospodárskej informatiky EU. Katedra účtovníctva a audítorstva
Ďalší autori: Maděra, František
Médium: Kniha
Jazyk:Slovak
Vydavateľské údaje: Bratislava 2018
Tagy: Pridať tag
Žiadne tagy, Buďte prvý, kto otaguje tento záznam!

MARC

LEADER 00000nbm a2200000 4500
001 0243533
005 20181108092257.1
041 0 |a slo 
044 |a SK 
245 1 0 |a Audítorská dokumentácia (požiadavky na jej reguláciu)  |b diplomová práca  |c Flóra Petruszová ; školiteľ: František Maděra 
264 1 |a Bratislava  |c 2018 
300 |a 65 s. 
100 1 |a Petruszová, Flóra 
700 1 |a Maděra, František 
710 2 |a Fakulta hospodárskej informatiky EU. Katedra účtovníctva a audítorstva